000 00550nam a2200217Ia 4500
003 OSt
005 20221007071653.0
006 a|||||r|||| 00| 0
007 ta
008 221006b |||||||| |||| 00| 0 eng d
024 _a25,285
037 _cTextual
040 _aFLL
_cFLL
_beng
041 _2eng
_aeng
082 _aZ3:8821wM77, K4
245 0 _aMan of quality
260 _aLondon
_bFrederick Muller Limfited UK
_c1964
300 _a338p
_ccm.
942 _hZ3:8821wM77, K4
_cTEXL
_2CC
999 _c1143935
_d1143935